000 00222nam a22000857a 4500
008 161128b xxu||||| |||| 00| 0 eng d
100 _91494
_aBacon. T
245 _aThe ultimate quitar book
260 _aAmerica
_bMaster books
_c1991
999 _c4219
_d4219